=LDR 00000nam 2200000 4500 =001 INLIS000000000000991 =005 20130612085415 =008 ***********************************Ind** =035 ##$$0010-061300000000991 =041 ##$$a Ind =082 ##$$a 730.959 889 =090 ##$$a 730.959 889, sen s =100 ##$$a Subandono, Joko =245 ##$$a Seni asmat di taman mini Indonesia indah, Djoko Subandono =260 ##$$a 1985 $b Jakarta =300 ##$$a vii, 47 hlm, Ilus, 21 cm =650 ##$$a seni Asmat =850 ##$$a NBPNMAT